Cliquea en las 25 provincias más altas de España por altitud - Estadísticas

Estadísticas generales
  • Esta prueba ha sido intentada 66 veces
  • La puntuación promedio es 9 de 25
Answers on the Grid
Answers color-coded by a green-red scale on the quiz's grid according to % correct below.
Álava
Albacete
Alicante
Almería
Asturias
Ávila
Badajoz
Barcelona
Bizkaia
Burgos
Cáceres
Cádiz
Cantabria
Castellón
Ciudad Real
Córdoba
Cuenca
Gipuzkoa
Girona
Granada
Guadalajara
Huelva
Huesca
Illes Balears
Jaén
La Coruña
La Rioja
Las Palmas
León
Lleida
Lugo
Madrid
Málaga
Murcia
Navarra
Ourense
Palencia
Pontevedra
Salamanca
Santa Cruz de Tenerife
Segovia
Sevilla
Soria
Tarragona
Teruel
Toledo
Valencia
Valladolid
Zamora
Zaragoza
 
Estadísticas de respuestas
Respuesta % Correcto
1131 m (1) Ávila
57%
850 m (13) Huesca
52%
1077 m (4) Granada
50%
1080 m (3) León
48%
1093 m (2) Soria
48%
817 m (17) Madrid
46%
914 m (11) Burgos
43%
940 m (9) Palencia
43%
932 m (10) Lleida
41%
1020 m (7) Segovia
41%
777 m (19) Valladolid
41%
1055 m (6) Teruel
39%
1068 m (5) Guadalajara
37%
828 m (15) Zamora
35%
823 m (16) Salamanca
33%
958 m (8) Cuenca
30%
635 m (25) Toledo
30%
845 m (14) Albacete
28%
809 m (18) Santa Cruz de Tenerife
28%
663 m (24) Álava
22%
712 m (23) Ciudad Real
22%
860 m (12) La Rioja
22%
727 m (21) Almería
17%
714 m (22) Jaén
17%
761 m (20) Ourense
13%
No se encontraron pruebas coincidentes
Distribución de puntuación
Porcentaje de gente con cada puntuación
Porcentaje por número respondido
Historial de tus puntuaciones
No has intentado esta prueba.